ARRUPE JESUIT UNIVERSITY

CORONAVIRUS -STOP THE SPREAD - CLEAN,DISINFECT,COVER

Prehistory of the Transvaal; (Record no. 128825)

MARC details
000 -LEADER
fixed length control field 00917cam a22002651 4500
001 - CONTROL NUMBER
control field 7036926
003 - CONTROL NUMBER IDENTIFIER
control field ARRUPE
005 - DATE AND TIME OF LATEST TRANSACTION
control field 20190125102443.0
008 - FIXED-LENGTH DATA ELEMENTS--GENERAL INFORMATION
fixed length control field 750725s1962 sa ab b 000 0 eng
010 ## - LIBRARY OF CONGRESS CONTROL NUMBER
LC control number 62051344
035 ## - SYSTEM CONTROL NUMBER
System control number (OCoLC)1477938
040 ## - CATALOGING SOURCE
Original cataloging agency DLC
Transcribing agency FTS
Modifying agency OCoLC
-- DLC
042 ## - AUTHENTICATION CODE
Authentication code premarc
050 00 - LIBRARY OF CONGRESS CALL NUMBER
Classification number GN865.T7
Item number M37
300 ## - PHYSICAL DESCRIPTION
Other physical details illus. (part col.) maps, profiles, tables.
Dimensions 26 cm.
100 1# - MAIN ENTRY--PERSONAL NAME
Personal name Mason, Revil J.
9 (RLIN) 44182
245 10 - TITLE STATEMENT
Title Prehistory of the Transvaal;
Remainder of title a record of human activity.
Statement of responsibility, etc Revil Mason
260 ## - PUBLICATION, DISTRIBUTION, ETC. (IMPRINT)
Place of publication, distribution, etc Johannesburg,
Name of publisher, distributor, etc Witwatersrand University Press,
Date of publication, distribution, etc 1962.
300 ## - PHYSICAL DESCRIPTION
Extent xxiv, 498 p.
504 ## - BIBLIOGRAPHY, ETC. NOTE
Bibliography, etc Bibliography: p. 477-488.
650 #0 - SUBJECT ADDED ENTRY--TOPICAL TERM
Topical term or geographic name as entry element Prehistoric peoples
Geographic subdivision South Africa
-- Transvaal.
9 (RLIN) 44183
650 #0 - SUBJECT ADDED ENTRY--TOPICAL TERM
Topical term or geographic name as entry element Art, Primitive.
9 (RLIN) 9543
651 #0 - SUBJECT ADDED ENTRY--GEOGRAPHIC NAME
Geographic name Transvaal (South Africa)
General subdivision Antiquities.
9 (RLIN) 44184
906 ## - LOCAL DATA ELEMENT F, LDF (RLIN)
a 7
b cbc
c oclcrpl
d u
e ncip
f 19
g y-gencatlg
942 ## - ADDED ENTRY ELEMENTS (KOHA)
Source of classification or shelving scheme Library of Congress Classification
Koha item type SPC
Holdings
Withdrawn status Lost status Source of classification or shelving scheme Damaged status Not for loan Collection code Home library Current library Shelving location Date acquired Total Checkouts Full call number Barcode Date last seen Price effective from Koha item type
    Library of Congress Classification     SPECIAL Collection ARRUPE LIBRARY ARRUPE LIBRARY REFERENCE 25/01/2019   SPC GN865.T7 M37 46600003438 25/01/2019 25/01/2019 SPC

 

Arrupe Library. PO Box MP320 Mt Pleasant, Harare, Zimbabwe
263 242 745411|librarian@aju.ac.zw